|
|
|
|
| LEADER |
00000cam a2200000 7i4500 |
| 001 |
0000002954 |
| 002 |
000003198 |
| 005 |
20000330.0 |
| 020 |
|
|
|a 9971491109
|
| 090 |
0 |
0 |
|a 306.089992309522
|b LIM
|
| 100 |
0 |
|
|a Lim Poh Chiang
|
| 245 |
1 |
0 |
|a Among the Dayaks
|c Lim Poh Chiang
|
| 260 |
|
|
|a Singapore :
|b Graham Book ,
|c 1990
|
| 300 |
|
|
|a 131p. :
|b ill ;
|c 28cm.
|
| 650 |
0 |
0 |
|a Nature
|x Effect of human being on Malaysia
|z Sarawak
|
| 650 |
0 |
0 |
|a Penan (Bornean People)
|x Social conditions
|
| 650 |
0 |
0 |
|a Penans
|x Biographies
|
| 999 |
|
|
|a 036506
|b BUKU
|c MALAYSIANA
|e PERPUSTAKAAN KOMUNITI PETALING JAYA
|